| 000 | 00532nam a2200169Ia 4500 | ||
|---|---|---|---|
| 008 | 151021s9999 xx 000 0 und d | ||
| 020 | _a801301572 | ||
| 050 | _aLC 1025.2.T4156 1990 | ||
| 245 | _a_Teaching as Decision making Instructional practices for the successful teacher marvin Pasch | ||
| 260 | _aNew York Longman 1990 | ||
| 300 | _aviii,360p.;ill | ||
| 500 | _ainclude index | ||
| 500 | _ainclude index | ||
| 650 | _a_Lesson planning | ||
| 700 | _a_Langer-Sparks Georgea | ||
| 980 | _a^d20120814 01:14:20^okorir | ||
| 999 |
_c12358 _d12358 |
||